000 01424nam a22003857a 4500
003 CHAP
005 20220817044527.0
008 120612s1993 mdu r 00010 eng d
010 _a103337
011 _a104309
035 _a114999
040 _cCHAP
090 _aFolleto 18276
100 1 _aWarmbrodt, Robert D.
_9121081
245 1 0 _aTransgenic fish research :
_ba bibliography
_c/por Robert D. Warmbrodt y Virginia Stone
260 _aMaryland, EUA. :
_bNational Agricultural Library,
_c1993
300 _aviii, 48 p.
490 0 _aBibliographies and Literature of Agriculture
_v; 117
500 _aA selected bibliography of research in the field of molecular biology and genetic engineering using fresh water fish
500 _aIncluye índice de autores.
590 _aBATCH-UPD
_b10
_c20130110
_lUCH01
_h1127
590 _aBATCH-UPD
_b10
_c20130410
_lUCH01
_h0716
590 _aBATCH-UPD
_b10
_c20130914
_lUCH01
_h0614
590 _aCONVERSION
_b10
_c20130109
_lUCH01
_h1357
650 1 4 _aBibliografía.
_912194
650 1 4 _aIngeniería genética.
_958228
650 1 4 _aPeces.
_986441
650 1 4 _aTransgénicos.
700 1 _aStone, Virginia
_9109897
710 0 _aE.U.A. National Agricultural Library.
_934948
830 0 _aBibliographies and Literature of Agriculture
_v; 117
_912217
901 _aBK
942 _cFOLL
949 _aFolleto 18276
_bBC
_cFOLL
_d33724002333553
_eTS1
_gDonaciØn
_i114999
_sb
999 _c103337
_d103337